Κατάλογος Βιβλιοθηκών Mediterranean College

Οργάνωση και Διοίκηση Επιχειρήσεων (Record no. 1202)

MARC details
000 -LEADER
fixed length control field 01837cam a22002174a 4500
005 - ΗΜΕΡΟΜΗΝΙΑ ΚΑΙ ΩΡΑ ΤΕΛΕΥΤΑΙΑΣ ΕΝΗΜΕΡΩΣΗΣ
Πεδίο ελέγχου 20250605164001.0
008 - FIXED-LENGTH DATA ELEMENTS--GENERAL INFORMATION
Πεδίο ελέγχου σταθερού μήκους 250528s ||||||||||||||||||||||||d
035 ## - SYSTEM CONTROL NUMBER
System control number 15637
020 ## - ISBN
ISBN 9602860561
040 ## - ΠΗΓΗ ΚΑΤΑΛΟΓΟΓΡΑΦΗΣΗΣ
Φορέας πρωτότυπης καταλογογράφησης MC Athens Campus Library
Γλώσσα καταλογογράφησης Ελληνικά, Μοντέρνα (1453-)
Modifying agency MC Athens Campus Library
Κανόνες περιγραφικής καταλογογράφησης AACR2
245 1# - ΤΙΤΛΟΣ ΚΑΙ ΔΗΛΩΣΗ ΥΠΕΥΘΥΝΟΤΗΤΑΣ
Τίτλος Οργάνωση και Διοίκηση Επιχειρήσεων
260 ## - PUBLICATION, DISTRIBUTION, ETC.
Name of publisher, distributor, etc. Έλλην,
Date of publication, distribution, etc. 1987
300 ## - PHYSICAL DESCRIPTION
Extent 264
505 0# - FORMATTED CONTENTS NOTE
Formatted contents note Η Επιχείρηση, Οργάνωση και Διοίκηση Επιχειρήσεων, Οργάνωση, Θεωρητικό Υπόβαθρο των Αρχών της Διοίκησης, Η Επικοινωνία, Νομική Μορφή και Οργανωτική Δομή των Επιχειρήσεων, Η Επίδραση του Θυμού και το Όφελος Ενός Συστήματος Θεραπείας τους για τα Στελέχη των Επιχειρήσεων, Τεχνικός Σχεδιασμός της Στρατηγικής του Καταμερισμού Χρόνου Εργασίας.
520 ## - SUMMARY, ETC.
Summary, etc. Η Επιχείρηση, Οργάνωση και Διοίκηση Επιχειρήσεων, Οργάνωση, Θεωρητικό Υπόβαθρο των Αρχών της Διοίκησης, Η Επικοινωνία, Νομική Μορφή και Οργανωτική Δομή των Επιχειρήσεων, Η Επίδραση του Θυμού και το Όφελος Ενός Συστήματος Θεραπείας τους για τα Στελέχη των Επιχειρήσεων, Τεχνικός Σχεδιασμός της Στρατηγικής του Καταμερισμού Χρόνου Εργασίας.
700 1# - ΠΡΟΣΘΕΤΗ ΑΝΑΓΡΑΦΗ--ΦΥΣΙΚΟ ΠΡΟΣΩΠΟ
Personal name Καπετάνιου-Πάντα Μαρία
9 (RLIN) 1598
700 1# - ΠΡΟΣΘΕΤΗ ΑΝΑΓΡΑΦΗ--ΦΥΣΙΚΟ ΠΡΟΣΩΠΟ
Personal name Καραγιάννης Στέφανος
9 (RLIN) 1033
942 ## - ADDED ENTRY ELEMENTS (KOHA)
Koha item type Books
Holdings
Τύπος τεκμηρίου Βιβλιοθήκη Τρέχουσα τοποθεσία Barcode Αριθμός εισαγωγής Ημερομηνία απόκτησης Ταξιθετικό σύμβολο Αριθμός αντιτύπου Κατάσταση απόσυρσης Κατάσταση χαμένου Κατάσταση κατεστραμμένου Μη δανεισμός Σύνολο δανεισμών Ημερομηνία τελευταίας εμφάνισης Η τιμή ισχύει από
Books MC Athens Campus Library MC Athens Campus Library 9780000012012 1987 05/06/2025 658 PAN 1           05/06/2025 05/06/2025

MC Athens Campus Library
Πατησίων 94 & Κοδριγκτώνος 13, 104 34
Πελλήνης 8 & Πατησίων 107, 112 51
Τ: +30 210 8899600

MC Thessaloniki Campus Library
Ίωνος Δραγούμη 21, 54625 | Ίωνος Δραγούμη 15, 54625
Τ: +30 2310 287779 – Τ: +30 2314 440300